Мотивированность эргонимов иноязычного происхождения: семасиологический аспект; Ономастика Поволжья

Dettagli Bibliografici
Parent link:Ономастика Поволжья.— 2012.— C. 266-275
Autore principale: Самсонова Е. С. Екатерина Сергеевна
Enti autori: Национальный исследовательский Томский политехнический университет (ТПУ) Институт кибернетики (ИК) Кафедра иностранных языков института кибернетики (ИЯИК), Национальный исследовательский Томский политехнический университет (ТПУ) Отдел элитного образования (ОЭО)
Riassunto:В фонде НТБ ТПУ отсутствует
Lingua:russo
Pubblicazione: 2012
Soggetti:
Natura: MixedMaterials Capitolo di libro
KOHA link:https://koha.lib.tpu.ru/cgi-bin/koha/opac-detail.pl?biblionumber=602215

MARC

LEADER 00000naa0a2200000 4500
001 602215
005 20250909132818.0
035 |a (RuTPU)RU\TPU\tpu\27672 
035 |a RU\TPU\tpu\27671 
090 |a 602215 
100 |a 20150623d2012 k y0rusy50 ca 
101 0 |a rus 
102 |a RU 
200 1 |a Мотивированность эргонимов иноязычного происхождения: семасиологический аспект  |f Е. С. Самсонова 
333 |a В фонде НТБ ТПУ отсутствует 
463 1 |t Ономастика Поволжья  |o материалы XIII Международной научной конференции, Ярославль, 13-14 сентября 2012 года  |f отв. ред. Р. В. Разумов, В. И. Супрун  |v C. 266-275  |d 2012 
610 1 |a труды учёных ТПУ 
700 1 |a Самсонова  |b Е. С.  |c лингвист  |c доцент Томского политехнического университета, кандидат филологических наук  |f 1982-  |g Екатерина Сергеевна  |3 (RuTPU)RU\TPU\pers\24586 
712 0 2 |a Национальный исследовательский Томский политехнический университет (ТПУ)  |b Институт кибернетики (ИК)  |b Кафедра иностранных языков института кибернетики (ИЯИК)  |3 (RuTPU)RU\TPU\col\18707 
712 0 2 |a Национальный исследовательский Томский политехнический университет (ТПУ)  |b Отдел элитного образования (ОЭО)  |3 (RuTPU)RU\TPU\col\18924 
801 1 |a RU  |b 63413507  |c 20150218 
801 2 |a RU  |b 63413507  |c 20150623  |g RCR 
942 |c BK